Égalité et inégalités : (Volume 10) (notice n° 2125303)
[ vue normale ]
| 000 -LEADER | |
|---|---|
| fixed length control field | 00969cam a2200133 4500500 |
| 005 - DATE AND TIME OF LATEST TRANSACTION | |
| control field | 20260405020746.0 |
| 041 ## - LANGUAGE CODE | |
| Language code of text/sound track or separate title | fre |
| 042 ## - AUTHENTICATION CODE | |
| Authentication code | dc |
| 100 10 - MAIN ENTRY--PERSONAL NAME | |
| Personal name | Michaud, Yves |
| Relator term | author |
| 245 00 - TITLE STATEMENT | |
| Title | Égalité et inégalités : (Volume 10) |
| 260 ## - PUBLICATION, DISTRIBUTION, ETC. | |
| Name of publisher, distributor, etc. | Odile Jacob,<br/> |
| Date of publication, distribution, etc. | 2006.<br/> |
| 520 ## - SUMMARY, ETC. | |
| Summary, etc. | Accès inégal à l’éducation, fracture technologique, inégalités de traitement face à la justice, différences économiques, disparités médicales et sanitaires : les auteurs de ce volume de l’Université de tous les savoirs font le point sur les inégalités non seulement entre les individus mais aussi entre les pays et les continents. Tous réclament l’égalité, mais chacun revendique aussi son individualité. Est-il possible d’être tous égaux en évitant l’écueil de l’homogénéisation ? Et combien d’inégalités demeureront encore ? |
| 856 41 - ELECTRONIC LOCATION AND ACCESS | |
| Uniform Resource Identifier | <a href="https://shs.cairn.info/egalite-et-inegalites--9782738113245?lang=fr&redirect-ssocas=7080">https://shs.cairn.info/egalite-et-inegalites--9782738113245?lang=fr&redirect-ssocas=7080</a> |
Pas d'exemplaire disponible.




Réseaux sociaux